00500nam a2200169 i 450000100060000000300090000600500170001500700030003200800410003504000200007610000210009624500420011726000750015930000340023465000410026885200210030968602ES-MaACL20230906170321.0t|960812s1884 fr a ||||1| fre d aCAM bspa cCAM1 aGautier, Léon.13aLa chevalerie / cpar Léon Gautier. aParis : bVistor Palmé, c1884 (fimprimerie générale A. Lahure) aXV, 788 p. : bil. ; c32 cm. 4aCaballeros y caballería-zFrancia. aES-MaACLjB-3823